000 00535nam a22001932 4500
001 0000006303
005 20170406121409.0
008 160712s xx 000 0 eng d
020 _c$20.00
040 _aYour Holding Symbol
_cYour Holding Symbol
100 1 _aBubenzer Friedrike.
245 1 0 _aHope,pain and patience :
_blives of women in south sudan.
250 _a ed.
260 _aSouth Africa :
_bWnberg,
_c2015.
300 _a259 p. ;
_c cm.
504 _aindex.
650 0 _awomen.
908 _a160712
999 _c6048
_d6048